000 00589na a2200229 4500
001 14224
003 MIRAKIL
005 20181213154911.0
008 160923b tu 000 0
035 _a14224
040 _aMilas
_btur
_cTR-AnCHP
082 _aATA 322.1
_bB27l 2007
090 _aATA 322.1 B27l 2007
100 _aBaşol, Koray
245 _aLaiklik
_cKoray Başol
260 _aİzmir
_b[yayl.y.]
_c2007
300 _a29 s.
_c19 sm.
504 _aKaynakça var.
600 _aAtatürk, Mustafa Kemal
_d1881-1938
_xDin
650 _aLaiklik
_zTürkiye
942 _2ddc
_cBKS
999 _c2852
_d2852